000 01217nam0a2200325 4500
001 RU\NLR\bibl\1156758
005 20260405141447.0
010 _a978-5-17-044424-3
_bАСТ
010 _a978-5-9725-0840-2
_bАстрель-СПб
_95000
021 _aRU
_b2007-71661
_93850
035 _a(NLR Aleph) 001143525
090 _a1432758
_c1432758
100 _a20071120d2007 |||y0rusy50 ca
101 0 _arus
102 _aRU
105 _aa |||||||||
200 1 _aТайны исчезнувших цивилизаций
_fВадим Ильин
210 _aМосква
_cАСТ
_aСанкт-Петербург
_cАстрель-СПб
_d2007
215 _a319 с., [12] л. ил., цв. ил.
_d21
225 1 _aВсе тайны Земли
300 _aНа обл. авт. не указан
320 _aБиблиогр.: с. 316-317 (41 назв.)
606 1 _aДревние цивилизации
_xИстория
_92219180
_3RU\NLR\auth\661332654
686 _aТ3(0)3,02
700 1 _4070
_8rus
_7ca
_aИльин
_bВ.
_cписатель
_gВадим
_3RU\NLR\auth\7757523
_940455
801 0 _aRU
_bNLR
_c20071120
_gRCR
801 1 _aRU
_bNLR
_c20071120
942 _cBOOK
980 _aNB